BUBT Library Online Catalog

Labour and Industrial Laws / (Record no. 7262)

000 -LEADER
fixed length control field 00795nam a22002177a 4500
003 - CONTROL NUMBER IDENTIFIER
control field BUBTL
008 - FIXED-LENGTH DATA ELEMENTS--GENERAL INFORMATION
fixed length control field 240313b ||||| |||| 00| 0 eng d
020 ## - INTERNATIONAL STANDARD BOOK NUMBER
International Standard Book Number 9789388028936
082 ## - DEWEY DECIMAL CLASSIFICATION NUMBER
Classification number 344.01/ P133l/ 2023
100 ## - MAIN ENTRY--PERSONAL NAME
9 (RLIN) 5738
Personal name Padhi, P. K.
245 ## - TITLE STATEMENT
Title Labour and Industrial Laws /
Statement of responsibility, etc. Padhi, P. K.
250 ## - EDITION STATEMENT
Edition statement 4th ed.
260 ## - PUBLICATION, DISTRIBUTION, ETC. (IMPRINT)
Place of publication, distribution, etc. Delhi :
Name of publisher, distributor, etc. PHI Learning Private Limited,
Date of publication, distribution, etc. c2023
300 ## - PHYSICAL DESCRIPTION
Extent xlvii, 930 p. :
Dimensions 24 cm.
500 ## - GENERAL NOTE
General note Includes Index
505 ## - FORMATTED CONTENTS NOTE
Formatted contents note The Industrial Disputes Act, 1947, The Contract Labour (Regulation and Abolition) Act, 1970, The Payment of Bonus Act, 1965, The Industrial Employment (Standing Orders) Act, 1946, The Apprentices Act, 1961
650 #0 - SUBJECT ADDED ENTRY--TOPICAL TERM
9 (RLIN) 26
Topical term or geographic name as entry element Law
856 ## - ELECTRONIC LOCATION AND ACCESS
Password 0
Logon 0
Link text Download
942 ## - ADDED ENTRY ELEMENTS (KOHA)
Source of classification or shelving scheme
Koha item type Books
Holdings
Withdrawn status Lost status Source of classification or shelving scheme Damaged status Not for loan Collection code Permanent location Current location Shelving location Date acquired Source of acquisition Inventory number Total Checkouts Full call number Barcode Date last seen Copy number Price effective from Koha item type
        Not For Loan Non-fiction Bangladesh University of Business and Technology Library Bangladesh University of Business and Technology Library Law Stacks 01/24/2024 Purchase 29976   344.01/ P133l/ 2023 BUBTL-200329976 03/13/2024 C-1 03/13/2024 Books
        Not For Loan Non-fiction Bangladesh University of Business and Technology Library Bangladesh University of Business and Technology Library Law Stacks 01/24/2024 Purchase 29977   344.01/ P133l/ 2023 BUBTL-200329977 03/13/2024 C-2 03/13/2024 Books

More Information About Library

Library Hours

  • Open: 9.00 am. to 9.00 pm.
  • Only Sunday: 9.00 am. to 6.00 pm.
  • Closed: Holiday

Contact to the University

Bangladesh University of Business and Technology Library

  • Mirpurl-2, 1216.
  • Phone:
  • Fax:
  • E-Mail: admin.library@bubt.edu.bd

Contact to the Library

Contact Person:

Md. Abdul Hakim Shah
Joint Librarian
PABX No:  113
Cell No: 01816332931
E-mail: official: admin.library@bubt.edu.bd
Personal: hakim.shah@bubt.edu.bd


BUBT Library

Copyright © 2021